00333 a2200097 4500001001000000005001700010008004100027245008800068100002000156773005900176ART_5150620260410161843.0260409a 10aLas sanciones en el régimen de faltas municipales de la Provincia de Buenos Aires1 aTulia, Mauro A.0 tRAPg- Año 42, N° 500/501 (mayo/jun. 2020)wREV5941